[Event "Fide Grand Prix Thessaloniki 2013"]
[Site "Thessaloniki GRE"]
[Date "2013.05.22"]
[Round "1.1"]
[White "Topalov, Veselin"]
[Black "Grischuk, Alexander"]
[Result "1/2-1/2"]
[WhiteElo "2793"]
[BlackElo "2779"]
[PlyCount "170"]
[EventDate "2013.05.22"]
[EventType "tourn"]
[EventRounds "11"]
[EventCountry "GRE"]
[EventCategory "21"]
[Source "lmi"]
[SourceDate "2013.05.22"]

1. d4 Nf6 2. c4 e6 3. Nc3 Bb4 4. Nf3 d6 5. Qc2 Nbd7 6. g3 b6 7. Bg2 Bb7 8. O-O
O-O 9. Rd1 a6 10. a3 Bxc3 11. Qxc3 b5 12. b3 bxc4 13. bxc4 Rb8 14. Be3 h6 15.
Qa5 Ne4 16. c5 Ndf6 17. Rac1 Bd5 18. Qxa6 Ng4 19. Rd3 Qe7 20. Qa5 Rb2 21. h3
Ra8 22. Qe1 Ngf6 23. Nh2 Nd7 24. f3 Nef6 25. cxd6 cxd6 26. Bd2 Nb6 27. Bb4 Bc4
28. Rd2 Rxd2 29. Qxd2 Nfd5 30. Nf1 Nxb4 31. Qxb4 Qc7 32. Ne3 d5 33. Qc5 Qa7 34.
Kf2 Qxa3 35. Qxa3 Rxa3 36. Bf1 Rb3 37. h4 Rb4 38. g4 g5 39. hxg5 hxg5 40. Ke1
Kg7 41. Kf2 Bb5 42. Nc2 Rb3 43. Ne3 Kf6 44. Rc7 Nc4 45. Nxc4 Bxc4 46. Ra7 Rb1
47. Ra4 Rd1 48. Rb4 Rxd4 49. Ke1 Rf4 50. e3 Rxf3 51. Bxc4 dxc4 52. Ke2 Rh3 53.
Rxc4 Ke5 54. Rc5+ Ke4 55. Rc4+ Kd5 56. Ra4 f5 57. gxf5 exf5 58. Ra5+ Ke4 59.
Ra4+ Ke5 60. Ra5+ Kf6 61. Ra6+ Kg7 62. Rb6 Rh6 63. Rb5 Kg6 64. Kf2 Rh2+ 65. Kg3
Re2 66. Kf3 Rd2 67. Rb8 Kf7 68. Rb6 g4+ 69. Kf4 Rf2+ 70. Kg5 Rf1 71. Ra6 Rf3
72. Rf6+ Ke7 73. Rg6 Rf1 74. Ra6 Rf2 75. Rb6 Rf3 76. Rg6 Rf2 77. Ra6 g3 78. Ra1
Ke6 79. Kh4 g2 80. Kg3 Rb2 81. Rg1 Ke5 82. Rxg2 Rxg2+ 83. Kxg2 Ke4 84. Kf2 f4
85. exf4 Kxf4 1/2-1/2

[Event "Fide Grand Prix Thessaloniki 2013"]
[Site "Thessaloniki GRE"]
[Date "2013.05.22"]
[Round "1.2"]
[White "Kamsky, Gata"]
[Black "Dominguez Perez, Leinier"]
[Result "1-0"]
[WhiteElo "2741"]
[BlackElo "2723"]
[PlyCount "89"]
[EventDate "2013.05.22"]
[EventType "tourn"]
[EventRounds "11"]
[EventCountry "GRE"]
[EventCategory "21"]
[Source "lmi"]
[SourceDate "2013.05.22"]

1. e4 c5 2. Nf3 d6 3. d4 cxd4 4. Nxd4 Nf6 5. Nc3 a6 6. Be3 Ng4 7. Bc1 Nf6 8. a4
Nc6 9. Be2 g6 10. Be3 Bg7 11. O-O O-O 12. Qd2 Bd7 13. f3 Nxd4 14. Bxd4 Qa5 15.
Rfd1 Kh8 16. Nb1 Qxd2 17. Nxd2 Be6 18. a5 Rfc8 19. c3 Nd7 20. Ra4 Rc7 21. Be3
Kg8 22. Rb4 Kf8 23. Kf2 Rac8 24. g4 Ne5 25. Kg3 Nc6 26. Ra4 Ne5 27. f4 Nc4 28.
Bxc4 Bxc4 29. Nxc4 Rxc4 30. Rxc4 Rxc4 31. e5 Rc6 32. Kf3 f5 33. gxf5 dxe5 34.
fxg6 hxg6 35. Rd7 exf4 36. Bf2 Be5 37. Rxb7 Ke8 38. Ke4 Bc7 39. Bb6 Re6+ 40.
Kf3 Bd6 41. b4 Re5 42. Bd4 Rh5 43. h4 Kd8 44. Rb6 Rxh4 45. Rxd6+ 1-0

[Event "Fide Grand Prix Thessaloniki 2013"]
[Site "Thessaloniki GRE"]
[Date "2013.05.22"]
[Round "1.3"]
[White "Ponomariov, Ruslan"]
[Black "Caruana, Fabiano"]
[Result "1/2-1/2"]
[WhiteElo "2742"]
[BlackElo "2774"]
[PlyCount "77"]
[EventDate "2013.05.22"]
[EventType "tourn"]
[EventRounds "11"]
[EventCountry "GRE"]
[EventCategory "21"]
[Source "lmi"]
[SourceDate "2013.05.22"]

1. e4 e5 2. Nf3 Nc6 3. Bb5 a6 4. Ba4 Nf6 5. O-O Be7 6. d3 b5 7. Bb3 d6 8. a4
Bd7 9. c3 Na5 10. Bc2 c5 11. d4 Qb8 12. Bg5 h6 13. Bh4 Be6 14. Nbd2 O-O 15. h3
Rc8 16. Bg3 cxd4 17. cxd4 Nh5 18. Bh2 Nf4 19. axb5 axb5 20. Bxf4 exf4 21. Bd3
Nc4 22. Qe2 Rxa1 23. Rxa1 Bf6 24. Rc1 Nxd2 25. Rxc8+ Bxc8 26. Qxd2 g5 27. Qe2
g4 28. hxg4 Bxg4 29. e5 dxe5 30. dxe5 Bxf3 31. gxf3 Qxe5 32. Qxe5 Bxe5 33. Bxb5
Bxb2 34. Kg2 Kg7 35. Bc4 Kg8 36. Bb3 Kg7 37. Bc4 Kg8 38. Bb3 Kg7 39. Bc4
1/2-1/2

[Event "Fide Grand Prix Thessaloniki 2013"]
[Site "Thessaloniki GRE"]
[Date "2013.05.22"]
[Round "1.5"]
[White "Svidler, Peter"]
[Black "Bacrot, Etienne"]
[Result "1-0"]
[WhiteElo "2769"]
[BlackElo "2725"]
[PlyCount "54"]
[EventDate "2013.05.22"]
[EventType "tourn"]
[EventRounds "11"]
[EventCountry "GRE"]
[EventCategory "21"]
[Source "lmi"]
[SourceDate "2013.05.22"]

1. d4 d5 2. c4 e6 3. Nc3 Nf6 4. cxd5 Nxd5 5. e4 Nxc3 6. bxc3 c5 7. Rb1 cxd4 8.
cxd4 Nc6 9. Bb5 a6 10. Bxc6+ bxc6 11. Nf3 c5 12. O-O Be7 13. Be3 cxd4 14. Nxd4
Bd7 15. Qg4 O-O 16. Rfd1 Qe8 17. e5 Kh8 18. h3 Rb8 19. Qe4 h6 20. Rdc1 Qd8 21.
Rb7 Ba3 22. Rc3 Be7 23. Rcc7 Bc8 24. Ra7 Ba3 25. Rxf7 Rxf7 26. Rxf7 Qg8 27. Qf3
Bb2 1-0

[Event "Fide Grand Prix Thessaloniki 2013"]
[Site "Thessaloniki GRE"]
[Date "2013.05.23"]
[Round "2.2"]
[White "Bacrot, Etienne"]
[Black "Kasimdzhanov, Rustam"]
[Result "1/2-1/2"]
[WhiteElo "2725"]
[BlackElo "2699"]
[PlyCount "69"]
[EventDate "2013.05.22"]
[EventType "tourn"]
[EventRounds "11"]
[EventCountry "GRE"]
[EventCategory "21"]
[Source "lmi"]
[SourceDate "2013.05.22"]

1. d4 Nf6 2. c4 g6 3. Nc3 d5 4. cxd5 Nxd5 5. e4 Nxc3 6. bxc3 Bg7 7. Nf3 c5 8.
Rb1 O-O 9. Be2 cxd4 10. cxd4 Qa5+ 11. Bd2 Qxa2 12. O-O Bg4 13. Rxb7 Bxf3 14.
Bxf3 Bxd4 15. Bb4 Rd8 16. Qc1 Na6 17. Bxe7 Rac8 18. Qf4 Nc5 19. Bxc5 Rxc5 20.
Bd1 Be5 21. Qe3 Qa5 22. Bb3 Rc7 23. Rxc7 Qxc7 24. g3 Bd4 25. Qf3 Kg7 26. Kg2
Be5 27. Rd1 Rxd1 28. Qxd1 Qd6 29. Qxd6 Bxd6 30. f4 f6 31. Kf3 a5 32. Ba4 Bc7
33. Bb3 Bd6 34. Ba4 Bc7 35. Bb3 1/2-1/2

[Event "Fide Grand Prix Thessaloniki 2013"]
[Site "Thessaloniki GRE"]
[Date "2013.05.23"]
[Round "2.4"]
[White "Caruana, Fabiano"]
[Black "Ivanchuk, Vassily"]
[Result "1-0"]
[WhiteElo "2774"]
[BlackElo "2755"]
[PlyCount "109"]
[EventDate "2013.05.22"]
[EventType "tourn"]
[EventRounds "11"]
[EventCountry "GRE"]
[EventCategory "21"]
[Source "lmi"]
[SourceDate "2013.05.22"]

1. e4 e5 2. Nf3 Nc6 3. Bb5 a6 4. Ba4 d6 5. c3 g6 6. d4 Bd7 7. O-O Bg7 8. h3 h6
9. Be3 Nge7 10. Nbd2 O-O 11. dxe5 dxe5 12. Bc5 Re8 13. Re1 b6 14. Ba3 Na7 15.
Bxd7 Qxd7 16. Nc4 Qe6 17. Ne3 Nb5 18. Bxe7 Rxe7 19. Qa4 Nd6 20. Qc6 Rc8 21.
Rad1 Kh7 22. Rd2 Ne8 23. Qb7 Nd6 24. Rxd6 cxd6 25. Qxa6 Rcc7 26. Nd5 Ra7 27.
Qb5 Reb7 28. a4 f5 29. Nd2 Bf6 30. Qe8 Be7 31. c4 Qg8 32. Qc6 Qd8 33. b3 Qd7
34. Qxd7 Rxd7 35. Nxb6 Rdb7 36. Nc8 Ra6 37. Nxe7 Rxe7 38. Re3 Kg7 39. Rd3 Rb7
40. Kf1 Rab6 41. Ke2 Kf6 42. Kd1 Ke6 43. Kc2 h5 44. f3 Kf6 45. Kc3 Ra6 46. Rd5
Kg5 47. a5 Kf4 48. b4 Kg3 49. Nb3 Kxg2 50. b5 Ra8 51. Rxd6 Kxf3 52. a6 Rg7 53.
Nc5 fxe4 54. b6 e3 55. Rf6+ 1-0

[Event "Fide Grand Prix Thessaloniki 2013"]
[Site "Thessaloniki GRE"]
[Date "2013.05.23"]
[Round "2.5"]
[White "Dominguez Perez, Leinier"]
[Black "Ponomariov, Ruslan"]
[Result "1/2-1/2"]
[WhiteElo "2723"]
[BlackElo "2742"]
[PlyCount "37"]
[EventDate "2013.05.22"]
[EventType "tourn"]
[EventRounds "11"]
[EventCountry "GRE"]
[EventCategory "21"]
[Source "lmi"]
[SourceDate "2013.05.22"]

1. e4 e5 2. Nf3 Nc6 3. Bb5 a6 4. Ba4 Nf6 5. O-O Be7 6. Re1 b5 7. Bb3 O-O 8. h3
Bb7 9. d3 d5 10. exd5 Nxd5 11. a4 Nd4 12. Nxd4 exd4 13. axb5 axb5 14. Rxa8 Bxa8
15. Na3 Bb4 16. Re5 Bd6 17. Re1 Bb4 18. Re5 Bd6 19. Re1 1/2-1/2

[Event "Fide Grand Prix Thessaloniki 2013"]
[Site "Thessaloniki GRE"]
[Date "2013.05.23"]
[Round "2.6"]
[White "Topalov, Veselin"]
[Black "Kamsky, Gata"]
[Result "1/2-1/2"]
[WhiteElo "2793"]
[BlackElo "2741"]
[PlyCount "93"]
[EventDate "2013.05.22"]
[EventType "tourn"]
[EventRounds "11"]
[EventCountry "GRE"]
[EventCategory "21"]
[Source "lmi"]
[SourceDate "2013.05.22"]

1. d4 Nf6 2. c4 g6 3. g3 c6 4. Bg2 d5 5. e3 Bg7 6. Ne2 O-O 7. O-O b6 8. b3 a5
9. Nf4 Ba6 10. Nd2 e6 11. a4 Nbd7 12. Bb2 Rc8 13. Rc1 Qe7 14. Rc2 Rfd8 15. Qa1
c5 16. Rfc1 cxd4 17. exd4 Bh6 18. Ba3 Qe8 19. Nxd5 Nxd5 20. cxd5 Rxc2 21. Rxc2
exd5 22. Bxd5 Nc5 23. Bg2 Bg7 24. Bb2 Nd3 25. Bf1 Qd7 26. Nc4 Nxb2 27. Qxb2
Bxd4 28. Qc1 Bb7 29. Bg2 Bxg2 30. Kxg2 b5 31. axb5 Qxb5 32. f3 Ba7 33. Re2 Qxb3
34. Nxa5 Qb5 35. Nc4 h5 36. Rc2 Rd3 37. Rc3 Qd5 38. Rxd3 Qxd3 39. Qf1 Qc2+ 40.
Kh1 h4 41. Nd6 h3 42. Ne4 Be3 43. g4 Bf4 44. Ng3 Qb3 45. Ne4 Qc2 46. Ng3 Qb3
47. Ne4 1/2-1/2

[Event "Fide Grand Prix Thessaloniki 2013"]
[Site "Thessaloniki GRE"]
[Date "2013.05.24"]
[Round "3.1"]
[White "Kamsky, Gata"]
[Black "Grischuk, Alexander"]
[Result "1/2-1/2"]
[WhiteElo "2741"]
[BlackElo "2779"]
[PlyCount "73"]
[EventDate "2013.05.22"]
[EventType "tourn"]
[EventRounds "11"]
[EventCountry "GRE"]
[EventCategory "21"]
[Source "lmi"]
[SourceDate "2013.05.22"]

1. d4 Nf6 2. Nf3 g6 3. Bf4 Bg7 4. c3 d6 5. h3 O-O 6. Nbd2 c5 7. dxc5 dxc5 8. e4
Nc6 9. Be2 Nh5 10. Bh2 b6 11. e5 Bh8 12. Qa4 Bb7 13. Qh4 Ng7 14. Ng5 h5 15.
Ndf3 Qc8 16. g4 Ba6 17. gxh5 Nxh5 18. Bxa6 Qxa6 19. Qe4 Nd8 20. O-O-O b5 21.
Rhg1 Bg7 22. Kb1 Rc8 23. Nh4 b4 24. c4 b3 25. axb3 Rb8 26. Rd3 Rb6 27. f4 Nc6
28. Nxg6 fxg6 29. Qxg6 Qa2+ 30. Kc1 Qa1+ 31. Kd2 Qxb2+ 32. Ke3 Nf6 33. exf6
Rxf6 34. Qe8+ Rf8 35. Qg6 Rf6 36. Qe8+ Rf8 37. Qg6 1/2-1/2

[Event "Fide Grand Prix Thessaloniki 2013"]
[Site "Thessaloniki GRE"]
[Date "2013.05.24"]
[Round "3.2"]
[White "Ponomariov, Ruslan"]
[Black "Topalov, Veselin"]
[Result "1/2-1/2"]
[WhiteElo "2742"]
[BlackElo "2793"]
[PlyCount "112"]
[EventDate "2013.05.22"]
[EventType "tourn"]
[EventRounds "11"]
[EventCountry "GRE"]
[EventCategory "21"]
[Source "lmi"]
[SourceDate "2013.05.22"]

1. e4 c5 2. Nf3 d6 3. d4 cxd4 4. Nxd4 Nf6 5. Nc3 a6 6. Be3 e6 7. Be2 Nbd7 8. g4
h6 9. f4 g5 10. f5 Ne5 11. h3 b5 12. a3 Qe7 13. fxe6 fxe6 14. Nf3 Bb7 15. Nxe5
dxe5 16. Bd3 Qc7 17. h4 Bc5 18. Qe2 Bxe3 19. Qxe3 Nxg4 20. Qg3 h5 21. O-O-O
O-O-O 22. hxg5 Qg7 23. Qh4 Rdg8 24. Be2 Qxg5+ 25. Qxg5 Rxg5 26. Rh4 Nf6 27. Rf1
Rh6 28. b4 Rg2 29. Bf3 Rg3 30. a4 Bc6 31. axb5 axb5 32. Ne2 Rg5 33. Kd2 Rh7 34.
Rg1 Rxg1 35. Nxg1 Kd8 36. Ke3 Be8 37. Be2 Ra7 38. Nf3 Ng4+ 39. Kd2 Ke7 40. Ne1
Nf6 41. Nd3 Kd6 42. Nc5 Ra1 43. Rh3 Rb1 44. c3 Rg1 45. Nb7+ Ke7 46. Nc5 Rg2 47.
Ke1 Rg5 48. Kf2 Bc6 49. Rg3 Rxg3 50. Kxg3 Be8 51. Kh4 Bc6 52. Bf3 Kd6 53. Kg5
Ke7 54. Kh4 Kd6 55. Kg5 Ke7 56. Kh4 Kd6 1/2-1/2

[Event "Fide Grand Prix Thessaloniki 2013"]
[Site "Thessaloniki GRE"]
[Date "2013.05.24"]
[Round "3.3"]
[White "Ivanchuk, Vassily"]
[Black "Dominguez Perez, Leinier"]
[Result "0-1"]
[WhiteElo "2755"]
[BlackElo "2723"]
[PlyCount "78"]
[EventDate "2013.05.22"]
[EventType "tourn"]
[EventRounds "11"]
[EventCountry "GRE"]
[EventCategory "21"]
[Source "lmi"]
[SourceDate "2013.05.22"]

1. d4 Nf6 2. c4 g6 3. Nc3 d5 4. cxd5 Nxd5 5. e4 Nxc3 6. bxc3 Bg7 7. Bc4 c5 8.
Ne2 Nc6 9. Be3 O-O 10. Rc1 Qa5 11. O-O e6 12. Qb3 b6 13. Rfd1 Ba6 14. Nf4 Bxc4
15. Qxc4 Rac8 16. d5 exd5 17. Nxd5 Rfe8 18. Bf4 b5 19. Qxc5 Rxe4 20. Re1 Rxe1+
21. Rxe1 h6 22. h4 Kh8 23. Bc7 Qa6 24. Qd6 Nb8 25. Qf4 Qc6 26. Qxf7 Rf8 27. Qe6
Kh7 28. Bd6 Rd8 29. Nf6+ Kh8 30. Ne8 Qxc3 31. Bc7 Rc8 32. Qxc8 Qxe1+ 33. Kh2
Be5+ 34. Bxe5+ Qxe5+ 35. g3 Kh7 36. Qb7+ Kg8 37. f4 Qe2+ 38. Kg1 Qe1+ 39. Kg2
Qe2+ 0-1

[Event "Fide Grand Prix Thessaloniki 2013"]
[Site "Thessaloniki GRE"]
[Date "2013.05.24"]
[Round "3.4"]
[White "Svidler, Peter"]
[Black "Caruana, Fabiano"]
[Result "1/2-1/2"]
[WhiteElo "2769"]
[BlackElo "2774"]
[PlyCount "69"]
[EventDate "2013.05.22"]
[EventType "tourn"]
[EventRounds "11"]
[EventCountry "GRE"]
[EventCategory "21"]
[Source "lmi"]
[SourceDate "2013.05.22"]

1. d4 Nf6 2. c4 g6 3. f3 d5 4. cxd5 Nxd5 5. e4 Nb6 6. Nc3 Bg7 7. Be3 O-O 8. Qd2
Nc6 9. O-O-O Qd6 10. Nb5 Qd7 11. Bh6 Bxh6 12. Qxh6 a6 13. Nc3 Nxd4 14. f4 f6
15. Nf3 e5 16. fxe5 fxe5 17. Nxe5 Qd6 18. Nf3 c5 19. Ng5 Qe7 20. Nd5 Nxd5 21.
Bc4 Kh8 22. exd5 Qg7 23. Qxg7+ Kxg7 24. d6 Bf5 25. b4 b6 26. Rhe1 Rfe8 27. Re7+
Rxe7 28. dxe7 Re8 29. bxc5 bxc5 30. Re1 Nc2 31. Re2 Nd4 32. Re3 Nc2 33. Re2 Nd4
34. Re3 Nc2 35. Re2 1/2-1/2

[Event "Fide Grand Prix Thessaloniki 2013"]
[Site "Thessaloniki GRE"]
[Date "2013.05.25"]
[Round "4.1"]
[White "Grischuk, Alexander"]
[Black "Bacrot, Etienne"]
[Result "1/2-1/2"]
[WhiteElo "2779"]
[BlackElo "2725"]
[PlyCount "106"]
[EventDate "2013.05.22"]
[EventType "tourn"]
[EventRounds "11"]
[EventCountry "GRE"]
[EventCategory "21"]
[Source "lmi"]
[SourceDate "2013.05.22"]

1. d4 d5 2. Nf3 Nf6 3. g3 e6 4. Bg2 c5 5. O-O Nc6 6. b3 cxd4 7. Nxd4 Qb6 8.
Nxc6 bxc6 9. c4 Be7 10. Nc3 O-O 11. Qc2 Ba6 12. Na4 Qb7 13. Be3 Nd7 14. Rfd1
Rfd8 15. Rab1 h6 16. Bd2 Nf6 17. Ba5 Re8 18. Nc3 Bd8 19. Bxd8 Raxd8 20. Na4 e5
21. Qc3 Qb8 22. Qa5 Bb7 23. Nc3 e4 24. e3 dxc4 25. bxc4 Rxd1+ 26. Nxd1 Qd8 27.
Qxa7 Bc8 28. Nc3 Qd3 29. Qa3 Qxc4 30. Qb4 Ba6 31. Bf1 Qxb4 32. Rxb4 c5 33. Rb6
Bd3 34. a4 Nd7 35. Rd6 Ne5 36. Bxd3 exd3 37. f4 Nc4 38. Rxd3 Nxe3 39. a5 Nc4
40. Rd5 Nxa5 41. Rxc5 Nb7 42. Rd5 Rc8 43. Ne4 Re8 44. Nd6 Nxd6 45. Rxd6 Re2 46.
Rd7 g6 47. h4 Kg7 48. Kf1 Rb2 49. Rd6 h5 50. Rc6 Ra2 51. Rd6 Rb2 52. Rc6 Ra2
53. Rd6 Rb2 1/2-1/2

[Event "Fide Grand Prix Thessaloniki 2013"]
[Site "Thessaloniki GRE"]
[Date "2013.05.25"]
[Round "4.3"]
[White "Caruana, Fabiano"]
[Black "Kasimdzhanov, Rustam"]
[Result "1/2-1/2"]
[WhiteElo "2774"]
[BlackElo "2699"]
[PlyCount "151"]
[EventDate "2013.05.22"]
[EventType "tourn"]
[EventRounds "11"]
[EventCountry "GRE"]
[EventCategory "21"]
[Source "lmi"]
[SourceDate "2013.05.22"]

1. e4 e5 2. Nf3 Nc6 3. Bb5 a6 4. Ba4 Nf6 5. O-O Be7 6. Re1 b5 7. Bb3 O-O 8. c3
d5 9. exd5 Nxd5 10. Nxe5 Nxe5 11. Rxe5 c6 12. d3 Bd6 13. Re1 Bf5 14. Qf3 Qf6
15. Nd2 Qg6 16. Bd1 Bxd3 17. Ne4 Bxe4 18. Qxe4 Qxe4 19. Rxe4 Rfe8 20. Rxe8+
Rxe8 21. Kf1 Be5 22. Bd2 b4 23. Rc1 bxc3 24. bxc3 Bf4 25. Bxf4 Nxf4 26. Bf3 Nd5
27. c4 Nb4 28. Rb1 c5 29. a3 Nc2 30. Bd5 Kf8 31. g3 Nxa3 32. Rb2 g6 33. h4 h5
34. Rb7 Re7 35. Rb8+ Re8 36. Rb2 Re7 37. Kg2 Kg7 38. Kf3 f5 39. Ra2 Nb1 40.
Rxa6 Nd2+ 41. Kg2 Nb3 42. Rc6 Kh6 43. Rc8 Kg7 44. Bf3 Ra7 45. Bc6 Nc1 46. Rd8
Rc7 47. Rd6 Re7 48. Bb5 Nb3 49. Rd5 Ra7 50. Rd6 Re7 51. Rc6 Ra7 52. Rc8 Nd2 53.
Re8 Ne4 54. Bc6 Nf6 55. Re5 Ng4 56. Re2 Kf6 57. Bd5 Re7 58. Ra2 Kg7 59. Kf3
Ne5+ 60. Kg2 Ng4 61. Rb2 Kh7 62. Bf3 Ne5 63. Re2 Kg7 64. Bd5 Kf6 65. Ra2 Kg7
66. Ra6 Kh7 67. Rd6 Kg7 68. Ra6 Kh7 69. Ra8 Ng4 70. Kf3 Ne5+ 71. Kg2 Ng4 72.
Ra2 Kg7 73. Rd2 Ne5 74. Re2 Nc6 75. Rd2 Ne5 76. Ra2 1/2-1/2

[Event "Fide Grand Prix Thessaloniki 2013"]
[Site "Thessaloniki GRE"]
[Date "2013.05.25"]
[Round "4.4"]
[White "Dominguez Perez, Leinier"]
[Black "Svidler, Peter"]
[Result "1-0"]
[WhiteElo "2723"]
[BlackElo "2769"]
[PlyCount "71"]
[EventDate "2013.05.22"]
[EventType "tourn"]
[EventRounds "11"]
[EventCountry "GRE"]
[EventCategory "21"]
[Source "lmi"]
[SourceDate "2013.05.22"]

1. e4 e5 2. Nf3 Nc6 3. Bb5 a6 4. Ba4 Nf6 5. O-O Be7 6. d3 b5 7. Bb3 O-O 8. Nc3
d6 9. a3 Be6 10. Nd5 Nd4 11. Nxd4 exd4 12. Nxf6+ Bxf6 13. Bxe6 fxe6 14. a4 Qd7
15. b3 c5 16. Qg4 Qf7 17. Bd2 c4 18. Bb4 Be7 19. axb5 axb5 20. Rxa8 Rxa8 21. f4
Ra2 22. e5 h5 23. Qh3 d5 24. Bxe7 Qxe7 25. Qxh5 Rxc2 26. Ra1 Qb7 27. Qe8+ Kh7
28. Qh5+ Kg8 29. f5 cxb3 30. Qe8+ Kh7 31. Qh5+ Kg8 32. Qe8+ Kh7 33. Qg6+ Kh8
34. f6 Rc7 35. Rf1 Rf7 36. Rf3 1-0

[Event "Fide Grand Prix Thessaloniki 2013"]
[Site "Thessaloniki GRE"]
[Date "2013.05.25"]
[Round "4.5"]
[White "Topalov, Veselin"]
[Black "Ivanchuk, Vassily"]
[Result "1-0"]
[WhiteElo "2793"]
[BlackElo "2755"]
[PlyCount "41"]
[EventDate "2013.05.22"]
[EventType "tourn"]
[EventRounds "11"]
[EventCountry "GRE"]
[EventCategory "21"]
[Source "lmi"]
[SourceDate "2013.05.22"]

1. e4 c5 2. Nf3 Nc6 3. Bb5 d6 4. O-O Bd7 5. Re1 Nf6 6. c3 a6 7. Bf1 Bg4 8. h3
Bh5 9. d4 Bxf3 10. gxf3 cxd4 11. cxd4 d5 12. Nc3 e6 13. Bg5 Be7 14. Bxf6 Bxf6
15. exd5 Nxd4 16. Re4 Qb6 17. dxe6 Qc5 18. e7 h5 19. Rc1 Rh6 20. Kh1 Rg6 21.
Ne2 1-0

[Event "Fide Grand Prix Thessaloniki 2013"]
[Site "Thessaloniki GRE"]
[Date "2013.05.25"]
[Round "4.6"]
[White "Kamsky, Gata"]
[Black "Ponomariov, Ruslan"]
[Result "1/2-1/2"]
[WhiteElo "2741"]
[BlackElo "2742"]
[PlyCount "107"]
[EventDate "2013.05.22"]
[EventType "tourn"]
[EventRounds "11"]
[EventCountry "GRE"]
[EventCategory "21"]
[Source "lmi"]
[SourceDate "2013.05.22"]

1. e4 e5 2. Nf3 Nc6 3. Bb5 a6 4. Ba4 Nf6 5. O-O Be7 6. Re1 b5 7. Bb3 O-O 8. c3
d6 9. h3 Re8 10. d4 Bb7 11. Nbd2 Bf8 12. Ng5 Re7 13. d5 Na5 14. Bc2 c6 15. dxc6
Bxc6 16. b3 Qc7 17. a4 bxa4 18. bxa4 h6 19. Ngf3 d5 20. Ba3 Re6 21. Bb4 Nb7 22.
exd5 Bxd5 23. Bf5 Ree8 24. Ne4 Bxe4 25. Bxe4 Rad8 26. Qb3 Nd6 27. Bxd6 Bxd6 28.
Rad1 a5 29. g4 Rb8 30. Qc2 Bf8 31. g5 hxg5 32. Nxg5 g6 33. Bd5 Nxd5 34. Rxd5
Rbd8 35. Red1 Rxd5 36. Rxd5 e4 37. Nxe4 Qf4 38. Ng3 Qf3 39. c4 Rc8 40. Rxa5 Bc5
41. Ne4 Re8 42. Nf6+ Qxf6 43. Rxc5 Qf3 44. Qd2 Qxh3 45. Rg5 Qh4 46. Kg2 Qxc4
47. Qd5 Qe4+ 48. Qxe4 Rxe4 49. a5 Ra4 50. Rb5 Ra3 51. Kf1 Ra2 52. Kg2 Ra3 53.
Kf1 Ra2 54. Kg2 1/2-1/2

[Event "Fide Grand Prix Thessaloniki 2013"]
[Site "Thessaloniki GRE"]
[Date "2013.05.27"]
[Round "5.1"]
[White "Ponomariov, Ruslan"]
[Black "Grischuk, Alexander"]
[Result "1/2-1/2"]
[WhiteElo "2742"]
[BlackElo "2779"]
[PlyCount "91"]
[EventDate "2013.05.22"]
[EventType "tourn"]
[EventRounds "11"]
[EventCountry "GRE"]
[EventCategory "21"]
[Source "lmi"]
[SourceDate "2013.05.22"]

1. e4 e5 2. Nf3 Nc6 3. Bb5 Nf6 4. O-O Nxe4 5. d4 Nd6 6. Bxc6 dxc6 7. dxe5 Nf5
8. Qxd8+ Kxd8 9. Nc3 Bd7 10. Rd1 Kc8 11. Ng5 Be8 12. b3 b6 13. Rd3 Kb7 14. Bb2
Be7 15. Nge4 Rd8 16. Rad1 Kc8 17. g3 Rxd3 18. Rxd3 Bd7 19. f3 Re8 20. Kf2 Bd8
21. Ne2 c5 22. h4 g6 23. c4 h5 24. Nf6 Bxf6 25. exf6 b5 26. Nf4 bxc4 27. bxc4
Nd6 28. Ba3 Re5 29. Rd5 Nxc4 30. Bxc5 Rxd5 31. Nxd5 Kb7 32. Nf4 Ne5 33. Bd4 Nc6
34. Ke3 Nd8 35. Nd3 Bf5 36. Ne5 Be6 37. a3 Nc6 38. Nxc6 Kxc6 39. Bxa7 Kd5 40.
Kf4 Kc4 41. g4 Bd5 42. Kg3 Be6 43. Kf4 Bd5 44. Kg3 Be6 45. Kf4 Bd5 46. Kg3
1/2-1/2

[Event "Fide Grand Prix Thessaloniki 2013"]
[Site "Thessaloniki GRE"]
[Date "2013.05.27"]
[Round "5.2"]
[White "Ivanchuk, Vassily"]
[Black "Kamsky, Gata"]
[Result "1/2-1/2"]
[WhiteElo "2755"]
[BlackElo "2741"]
[PlyCount "49"]
[EventDate "2013.05.22"]
[EventType "tourn"]
[EventRounds "11"]
[EventCountry "GRE"]
[EventCategory "21"]
[Source "lmi"]
[SourceDate "2013.05.22"]

1. e4 c6 2. d4 d5 3. Nc3 dxe4 4. Nxe4 Nd7 5. Nf3 Ngf6 6. Nxf6+ Nxf6 7. c3 Bg4
8. h3 Bxf3 9. Qxf3 Qd5 10. Be2 Qxf3 11. Bxf3 e6 12. Bg5 Bd6 13. Ke2 h6 14. Bxf6
gxf6 15. g4 Ke7 16. Rad1 a5 17. a4 Rac8 18. Rd3 b6 19. Rhd1 Rhd8 20. c4 c5 21.
d5 Be5 22. dxe6 fxe6 23. Rxd8 Rxd8 24. Rxd8 Kxd8 25. b3 1/2-1/2

[Event "Fide Grand Prix Thessaloniki 2013"]
[Site "Thessaloniki GRE"]
[Date "2013.05.27"]
[Round "5.4"]
[White "Kasimdzhanov, Rustam"]
[Black "Dominguez Perez, Leinier"]
[Result "0-1"]
[WhiteElo "2699"]
[BlackElo "2723"]
[PlyCount "78"]
[EventDate "2013.05.22"]
[EventType "tourn"]
[EventRounds "11"]
[EventCountry "GRE"]
[EventCategory "21"]
[Source "lmi"]
[SourceDate "2013.05.22"]

1. d4 Nf6 2. c4 e6 3. Nf3 Bb4+ 4. Bd2 Bxd2+ 5. Qxd2 d5 6. Nc3 O-O 7. e3 Qe7 8.
Rd1 a6 9. a3 Nbd7 10. cxd5 exd5 11. Bd3 c6 12. Qc2 Re8 13. O-O Ne4 14. Rfe1
Ndf6 15. Ne5 Nxc3 16. Qxc3 Ne4 17. Qc2 f6 18. Bxe4 dxe4 19. Nc4 Bg4 20. Rc1
Rad8 21. Nd2 Rd5 22. Qxe4 Qxe4 23. Nxe4 Rxe4 24. f3 Bxf3 25. gxf3 Rh4 26. Rc5
Rxc5 27. dxc5 Rc4 28. Rd1 Kf8 29. b4 Ke7 30. Rd3 a5 31. Rb3 a4 32. Rd3 Rc2 33.
e4 Re2 34. f4 Rxe4 35. Rg3 Kf7 36. f5 Rf4 37. Rd3 Ke7 38. Rg3 Kf7 39. Rd3 Ke8
0-1

[Event "Fide Grand Prix Thessaloniki 2013"]
[Site "Thessaloniki GRE"]
[Date "2013.05.28"]
[Round "6.2"]
[White "Caruana, Fabiano"]
[Black "Bacrot, Etienne"]
[Result "1-0"]
[WhiteElo "2774"]
[BlackElo "2725"]
[PlyCount "81"]
[EventDate "2013.05.22"]
[EventType "tourn"]
[EventRounds "11"]
[EventCountry "GRE"]
[EventCategory "21"]
[Source "lmi"]
[SourceDate "2013.05.22"]

1. e4 e5 2. Nf3 Nc6 3. d4 exd4 4. Nxd4 Nf6 5. Nxc6 bxc6 6. e5 Qe7 7. Qe2 Nd5 8.
c4 Nb6 9. Nc3 Qe6 10. Qe4 Bb4 11. Bd2 Ba6 12. b3 Bxc3 13. Bxc3 d5 14. Qh4 dxc4
15. Rc1 Qg6 16. g3 O-O 17. Be2 Rad8 18. O-O c5 19. Rfe1 Bb7 20. Bg4 Qc6 21. f3
Bc8 22. e6 fxe6 23. Qe7 e5 24. Bxe5 Qh6 25. Bxc8 Rxc8 26. f4 cxb3 27. axb3 Nd5
28. Qxc5 Qb6 29. Bd4 Qxc5 30. Bxc5 Rfe8 31. Bxa7 Rxe1+ 32. Rxe1 Ra8 33. Ra1 c5
34. Ra5 Nf6 35. Kf1 c4 36. b4 Nd5 37. Rxd5 Rxa7 38. Ke2 Ra2+ 39. Rd2 Ra1 40.
Rc2 Rh1 41. Ke3 1-0